| 000 | 01187nam a2200253Ia 4500 | ||
|---|---|---|---|
| 003 | OSt | ||
| 005 | 20220930204421.0 | ||
| 006 | a|||||r|||| 00| 0 | ||
| 007 | ta | ||
| 008 | 220926b |||||||| |||| 00| 0 hin d | ||
| 024 | _a35844 | ||
| 037 | _cDissertations | ||
| 040 |
_aCRL _cCRL _bhin |
||
| 041 |
_2hin _ahin |
||
| 100 | _aसिंह, सत्येन्द्र, ले. | ||
| 110 | _aदिल्ली विश्वविद्यालय. कला संकाय. हिन्दी विभाग | ||
| 245 | 0 |
_aनवजागरण के संदर्भ _b हिन्दी साहित्य सम्मेलन, प्रयाग का भाषिक एवं साहित्यिक योगदान। |
|
| 246 | _aNavajāgaraṇ ke sandarbharū hindī sāhitya sammelanae prayāg kā bhāṣhik evan sāhityik yogadāna। | ||
| 260 | _c2016 | ||
| 300 |
_a104पृ. _ccm. |
||
| 700 | _aदिल्ली विश्वविद्यालय. कला संकाय. हिन्दी विभाग | ||
| 942 |
_cDIS _2CC |
||
| 999 |
_c905995 _d905995 |
||